00711nam a2200205 i 4500001000700000003000900007005001700016007000300033008004100036100003100077245004700108260005200155300002200207490002900229710004800258830003700306852002200343999001900365952012100384100577ES-MaACL20230906182711.0t|050929s1955 es ||||1| spa d1 aMasferrer, Alberto.97870914aUna vida en el cine / cAlberto Masferrer. aSan Salvador : bMinisterio de Cultura, c1955. a108 p. ; c18 cm.1 aBiblioteca popular ; v61 aEl Salvador. bMinisterio de Cultura.934621 aBiblioteca popular ; v69181768 aES-MaACLjC-15185 c100577d100577 00104070aATENEOMbATENEOMcFICHd2008-01-17eSCl0oC-15185p1105009r2023-02-23 00:00:00w2023-02-23yMONOGRAFIA